LEADER 03801nam 2200697 450 001 9910464714603321 005 20200520144314.0 010 $a3-11-040256-4 010 $a3-11-040262-9 024 7 $a10.1515/9783110402568 035 $a(CKB)3360000000516001 035 $a(EBL)2028737 035 $a(SSID)ssj0001540716 035 $a(PQKBManifestationID)11906326 035 $a(PQKBTitleCode)TC0001540716 035 $a(PQKBWorkID)11534361 035 $a(PQKB)10813432 035 $a(DE-B1597)443807 035 $a(OCoLC)1013939459 035 $a(OCoLC)910582088 035 $a(DE-B1597)9783110402568 035 $a(MiAaPQ)EBC2028737 035 $a(Au-PeEL)EBL2028737 035 $a(CaPaEBR)ebr11049393 035 $a(CaONFJC)MIL807264 035 $a(OCoLC)909903318 035 $a(EXLCZ)993360000000516001 100 $a20150509h20152015 uy 0 101 0 $ager 135 $aur|n|---||||| 181 $ctxt 182 $cc 183 $acr 200 10$aSpruchverfahren nach Squeeze-out $eempirische Daten zu Spruchverfahren nach Squeeze-out (?327f AktG) - 1. Januar 2002 bis 31. Dezember 2013 /$fMartin Weimann, Verbraucherzentrale fu?r Kapitalanleger e.V 210 1$aBerlin, [Germany] ;$aBoston, Massachusetts :$cWalter de Gruyter GmbH,$d2015. 210 4$d©2015 215 $a1 online resource (484 p.) 300 $aIncludes index. 311 $a3-11-040250-5 327 $tFrontmatter -- $tVorwort -- $tInhaltsverzeichnis -- $tAbkürzungsverzeichnis -- $tGegenstand der Untersuchung -- $tWesentliche Ergebnisse -- $tTeil 1 Einführung -- $tTeil 2 Tatsächlicher Untersuchungsrahmen -- $tTeil 3 Datenanalysen zum Rechtsschutzsystem -- $tTeil 4 Datenanalysen zum Ausgang der Spruchverfahren -- $tTeil 5 Datenanalysen zum Ablauf von Squeeze-out-Verfahren -- $tTeil 6 Datenanalyse zu Einzelfragen der Unternehmensbewertung -- $tTeil 7 Ergebnis - Vorschläge für die Praxis -- $tTeil 8 Tabellen- und Abbildungsverzeichnis -- $tStichwortverzeichnis 330 $aDas Spruchverfahren ist die für Anleger wesentliche Verfahrensart, um - etwa nach dem Ausschluss im Rahmen eines aktienrechtlichen Squeeze-outs - die Höhe Ihrer Barabfindung überprüfen zu lassen. Hier sind nicht selten große wirtschaftliche Werte involviert. Das Handbuch bietet nun die bei weitem umfassendste Auswertung dieser Spruchverfahren. Zu über 400 Squeeze-outs und den anschließenden Spruchverfahren bis einschließlich 31. Dezember 2013 wurden hierbei von der Verbraucherzentrale für Kapitalanleger e.V. bis zu 75 Daten systematisch erfasst und analysiert - ein Daten- und Faktenfundus, der für die Spruchverfahrens-Praxis von immensem Wert ist und am Markt Seinesgleichen sucht. Vor allem die Aufstellungen zu den von den Gerichten bei der Diskontierung festgesetzten Zinssätzen und die zahlreichen Praxistipps sind hier von besonderem Interesse. 606 $aConsolidation and merger of corporations$xLaw and legislation$zGermany 606 $aTender offers (Securities)$xLaw and legislation$zGermany 606 $aMinority stockholders$xLegal status, laws, etc$zGermany 606 $aCorporate reorganizations$zGermany 608 $aElectronic books. 615 0$aConsolidation and merger of corporations$xLaw and legislation 615 0$aTender offers (Securities)$xLaw and legislation 615 0$aMinority stockholders$xLegal status, laws, etc. 615 0$aCorporate reorganizations 676 $a346.4306626 686 $aPG 600$2rvk 700 $aWeimann$b Martin$01057561 712 02$aVerbraucherzentrale für Kapitalanleger e.V 801 0$bMiAaPQ 801 1$bMiAaPQ 801 2$bMiAaPQ 906 $aBOOK 912 $a9910464714603321 996 $aSpruchverfahren nach Squeeze-out$92492970 997 $aUNINA LEADER 03001nam 2200661 a 450 001 9910208818303321 005 20221116224202.0 010 $a1118118367 010 $a1118256034 010 $a9786613332196 010 $a1283332191 010 $a1118118383 010 $a97811181183680 010 $a9781118256039 010 $a6613332194 010 $a9781283332194 010 $a1118118383 010 $a9781118118382 010 $a0470900024 010 $a9780470900024 035 $a(CKB)2550000001228175 035 $a(StDuBDS)AH21624425 035 $a(MiAaPQ)EBC697963 035 $a(CaSebORM)9780470900024 035 $a(MiAaPQ)EBC4032049 035 $a(Au-PeEL)EBL4032049 035 $a(CaPaEBR)ebr11108215 035 $a(OCoLC)860563376 035 $a(PPN)157840360 035 $a(EXLCZ)992550000001228175 100 $a20110406d2012 uy 0 101 0 $aeng 135 $aur||||||||||| 181 $ctxt$2rdacontent 182 $cc$2rdamedia 183 $acr$2rdacarrier 200 10$aE-learning by design$b[electronic resource] /$fby William Horton 205 $a2nd Ed. 210 1$aSan Francisco :$cPfeiffer,$d2012. 215 $a1 online resource (640 p.) 300 $aIncludes index. 311 $a0-470-90002-4 327 $aDesigning e-learning -- Absorb-Type Activities -- Do-Type Activities -- Connect-Type Activities ? Tests ? Topics -- Games and Simulations -- Social Learning -- Mobile Learning -- Design For the Virtual Classroom ? Conclusion. 330 $a"Since the first edition of E-learning by Design, e-learning has evolved rapidly and fringe techniques have moved into the mainstream. Underlying and underwriting these changes in e?learning are advances in technology and changes in society. The second edition of the bestselling book E-Learning by Design offers a comprehensive look at the concepts and processes of developing, creating, and implementing a successful e-learning program. This practical, down-to-earth resource is filled with clear information and instruction without over simplification. The book helps instructors build customized e-learning programs from scratch?building on core principles of instructional design to: develop meaningful activities and lessons; create and administer online tests and assessments; design learning games and simulations; and implement an individualized program." -- Publisher's description. 606 $aEmployees$xTraining of$xComputer-assisted instruction 606 $aComputer-assisted instruction$xDesign 615 0$aEmployees$xTraining of$xComputer-assisted instruction. 615 0$aComputer-assisted instruction$xDesign. 676 $a658.3/124040285 686 $aBUS066000$2bisacsh 700 $aHorton$b William K$g(William Kendall)$0535122 801 0$bMiAaPQ 801 1$bMiAaPQ 801 2$bMiAaPQ 906 $aBOOK 912 $a9910208818303321 996 $aE-learning by design$92231478 997 $aUNINA LEADER 03685nam 2200889Ia 450 001 9910786186003321 005 20230803025102.0 010 $a0-520-95461-0 024 7 $a10.1525/9780520954618 035 $a(CKB)2670000000325440 035 $a(EBL)1112136 035 $a(OCoLC)826856143 035 $a(SSID)ssj0000819534 035 $a(PQKBManifestationID)11525983 035 $a(PQKBTitleCode)TC0000819534 035 $a(PQKBWorkID)10855382 035 $a(PQKB)11551649 035 $a(MiAaPQ)EBC1112136 035 $a(DE-B1597)519279 035 $a(DE-B1597)9780520954618 035 $a(Au-PeEL)EBL1112136 035 $a(CaPaEBR)ebr10645654 035 $a(CaONFJC)MIL427244 035 $a(EXLCZ)992670000000325440 100 $a20130124d2013 uy 0 101 0 $aeng 135 $aurnn#---|u||u 181 $ctxt 182 $cc 183 $acr 200 14$aThe California naturalist handbook$b[electronic resource] /$fGreg de Nevers, Deborah Stanger Edelman, Adina M. Merenlender 210 $aBerkeley $cUniversity of California Press$d2013 215 $a1 online resource (281 p.) 300 $aDescription based upon print version of record. 311 0 $a0-520-27480-6 327 $tFront matter --$tContents --$tAcknowledgments --$tPreface --$t1. California Natural History and the Role of Naturalists --$t2. Geology, Climate, and Soils --$t3. Water --$t4. Plants --$t5. Forest, Woodland, and Range Resources and Management --$t6. Animals --$t7. Energy and Global Environmental Issues --$t8. Interpretation, Collaboration, and Citizen Science --$tGlossary --$tIndex 330 $aThe California Naturalist Handbook provides a fun, science-based introduction to California's natural history with an emphasis on observation, discovery, communication, stewardship and conservation. It is a hands-on guide to learning about the natural environment of California. Subjects covered include California natural history and geology, native plants and animals, California's freshwater resources and ecosystems, forest and rangeland resources, conservation biology, and the effects of global warming on California's natural communities. The Handbook also discusses how to create and use a field notebook, natural resource interpretation, citizen science, and collaborative conservation and serves as the primary text for the California Naturalist Program. 606 $aBiodiversity$zCalifornia 606 $aNatural areas$zCalifornia 606 $aNatural history$zCalifornia 610 $aadventurers. 610 $abackpackers. 610 $abackpacking. 610 $aclimate change impact. 610 $aeffect of climate change. 610 $aforest. 610 $afreshwater resource. 610 $ageography. 610 $ageology. 610 $aglobal warming. 610 $ahands-on guide. 610 $ahikers. 610 $anational park. 610 $anative animals. 610 $anative plant. 610 $anatural environment. 610 $anatural history. 610 $apacific crest trail. 610 $arangeland. 610 $aresource interpretation. 610 $atravel. 610 $awilderness. 610 $ayosemite. 615 0$aBiodiversity 615 0$aNatural areas 615 0$aNatural history 676 $a508.794 700 $aDe Nevers$b Greg$01563117 701 $aEdelman$b Deborah Stanger$01563118 701 $aMerenlender$b Adina$01563119 801 0$bMiAaPQ 801 1$bMiAaPQ 801 2$bMiAaPQ 906 $aBOOK 912 $a9910786186003321 996 $aThe California naturalist handbook$93831301 997 $aUNINA